Encyclopedia Britannica 1983 (Record no. 287730)

000 -LEADER
fixed length control field 00253 a2200097 4500
001 - CONTROL NUMBER
control field 52657
090 ## - LOCALLY ASSIGNED LC-TYPE CALL NUMBER (OCLC); LOCAL CALL NUMBER (RLIN)
-- 33127
-- 33127
100 ## - MAIN ENTRY--PERSONAL NAME
Personal name Encyclopedia Britannica Inc
245 ## - TITLE STATEMENT
Title Encyclopedia Britannica 1983
260 ## - PUBLICATION, DISTRIBUTION, ETC.
Place of publication, distribution, etc. Chicago
Name of publisher, distributor, etc. Encyclopedia Britannica Inc
Date of publication, distribution, etc.
942 ## - ADDED ENTRY ELEMENTS (KOHA)
Institution code [OBSOLETE] NUST-CAE
Koha item type
--
Holdings
Withdrawn status Lost status Damaged status Not for loan Collection code Permanent Location Current Location Date acquired Total Checkouts Barcode Date last seen Price effective from Koha item type
          College of Aeronautical Engineering (CAE) College of Aeronautical Engineering (CAE) 04/03/2017   CAE30544 04/05/2017 04/05/2017 Book
© 2023 Central Library, National University of Sciences and Technology. All Rights Reserved.